লোডিং...

Business strategy and policy

গ্রন্থ-পঞ্জীর বিবরন
প্রধান লেখক: Smith, Garry D.
অন্যান্য লেখক: Bizzell, Bobby G.
বিন্যাস: Printed Book
ভাষা:English
প্রকাশিত: Dallas Houghton Miffilin Company 1991
সংস্করন:3rd ed.
বিষয়গুলি:
LEADER 00626nam a22001937a 4500
005 20151215125223.0
008 091113t xxu||||| |||| 00| 0 eng d
082 |a 658.401 2  |b SMI 
100 |a Smith, Garry D.  |9 8954 
245 |a Business strategy and policy 
250 |a 3rd ed. 
300 |a 380p. 
653 |a Business strategy  
700 |a Bizzell, Bobby G.  |9 8953 
942 |c BK  |6 _ 
260 |a Dallas  |b Houghton Miffilin Company  |c 1991 
020 |a 0395433673 
999 |c 99671  |d 99671 
952 |0 0  |1 0  |2 ddc  |4 0  |6 658401_2SMI  |7 0  |9 125669  |a SMS  |b SMS  |c GEN  |d 2009-11-13  |l 3  |o 658.401 2 SMI  |p SMS017385  |r 2015-03-30  |s 2015-03-23  |w 2009-11-13  |y BK